| 000 | 00435nam a2200181 4500 | ||
|---|---|---|---|
| 005 | 20251014112702.0 | ||
| 008 | 251014b |||||||| |||| 00| 0 eng d | ||
| 020 |
_a0192851446 _c£ 8.95 |
||
| 040 | _aMAIN | ||
| 082 |
_a340.1 _bC693M |
||
| 100 | _aCollins, Hugh | ||
| 245 | _aMarxism and law | ||
| 260 |
_aOxford _bOxford University Press _c2001 |
||
| 300 | _aviii, 159 | ||
| 650 | _aLaw | ||
| 650 | _aMarxism | ||
| 942 | _cBK | ||
| 999 |
_c393580 _d393580 |
||